000 00384pab a2200157 454500
008 180718b2014 xxu||||| |||| 00| 0 eng d
100 _aRathore, Jitendra
245 _aCorporate initiatives in improving rural retail formats
260 _c2014
300 _ap.18-20.
362 _aMar
650 _aRural development
773 _aKurukshetra
908 _aN
909 _a103688
999 _c103684
_d103684